| 000 | 00657nam a2200205 4500 | ||
|---|---|---|---|
| 001 | 136926 | ||
| 003 | ES-MaACL | ||
| 005 | 20231230063006.0 | ||
| 007 | t| | ||
| 008 | 070214s1946 sp r ||||1| spa d | ||
| 080 | _a038)=134.2'373.42 | ||
| 100 | 1 |
_aSainz de Robles, Federico Carlos, _d1898-1982 _9101593 |
|
| 245 | 1 | 0 |
_aEnsayo de un diccionario español de sinónimos / _cFederico Carlos Sainz de Robles. |
| 250 | _a1ª ed. | ||
| 260 |
_aMadrid : _bM. Aguilar, _c1946. |
||
| 300 |
_a1899 p. ; _c17 cm. |
||
| 650 | 0 | 4 |
_aLengua española- _xSinónimos y antónimos- _vDiccionarios. _914187 |
| 852 |
_aES-MaACL _jC-4014 _bR.23636 |
||
| 999 |
_c136926 _d136926 |
||